| 000 | 00352cam a2200145ua 4500 | ||
|---|---|---|---|
| 041 |
_aeng _h |
||
| 082 |
_a928.23 _bCAR/DO |
||
| 100 | _aCarr, Edward Hallett . | ||
| 245 |
_aDostoevsky / _cEdward Hallett Carr. _hTextual Documents |
||
| 260 |
_aLondon : _bUnwin book , _c1962. |
||
| 300 | _a256 ; . | ||
| 504 | _a | ||
| 942 | _cBK | ||
| 999 |
_c1255 _d1255 |
||